Quiz o Jetpunk - Prawda czy Fałsz - Statystyki

Ogólne statystyki
  • Ten quiz został rozwiązany 36 razy
  • Średni wynik to 2 z 7
Answers on the Grid
Answers color-coded by a green-red scale on the quiz's grid according to % correct below.
Jetpunk powstało w USA
Jetpunk Premium Istnieje...
Jeśli tak to czy jest darmowe ( jeśli nie istnieje zaznacz nie )
Quizmaster to twórca jetpunk
Twórcy jetpunk mają na nazwisko Hostetler
I maja na imię Ben i Andrzej
Jeśli nie to czy mają na imię: Andrzej i Dan
Jeśli nie to czy mają na imię: Dan i Jan
Jeśli nie to czy mają na imię: Ben i Jan
W jetpunk Jest 25 języków
Jetpunk powstało w 2008
Jest 8 oficjalnych języków i 17 nieoficjalnych
Jetpunk powstało w USA i w Wielkiej Brytanii
Jetpunk powstało w 2010
 
Statystyki odpowiedzi
Odpowiedź % Poprawnych
Jetpunk Premium Istnieje...
63%
W jetpunk Jest 25 języków
42%
Jetpunk powstało w 2008
37%
Twórcy jetpunk mają na nazwisko Hostetler
32%
Jeśli nie to czy mają na imię: Dan i Jan
26%
Quizmaster to twórca jetpunk
26%
Jest 8 oficjalnych języków i 17 nieoficjalnych
21%
Nie znaleziono quizów pasujących do podanych kryteriów
Rozkład punktacji
Procent ludzi z każdym wynikiem
Percentyl według liczby udzielonych odpowiedzi
Twoja historia wyników
Nie rozwiązałeś tego quizu